00597nam a2200133Ia 4500008004100000100003300041245014300074260003300217300001700250650001900267856008500286999001900371952007300390160712s9999 xx 000 0 und d aEncarnacion Tadem, Teresa S. cTeresa S. Encarnacion TademaPhilippine Technocracy and the Politics of Economic Decision Making during the Martial Law Period (1972-1986) c2013bSocial Science Diliman avol. 9 no. 2 xSOCIAL SCIENCE uhttp://journals.upd.edu.ph/index.php/socialsciencediliman/issue/view/405/showToc c297355d297355 001040aCLbCLd2016-07-12l0r2016-07-12 00:00:00w2016-07-12yFEJ